[Event "Saarland-ch Seniors"]
[Site "Eppelborn"]
[Date "2008.03.26"]
[Round "4"]
[White "Gross, Ernst"]
[Black "Maas, Karl Heinz"]
[Result "1-0"]
[WhiteElo "1604"]
[BlackElo "1388"]
[PlyCount "93"]
[EventDate "2008.03.15"]
[EventType "swiss"]
[EventRounds "9"]
[EventCountry "GER"]
[SourceTitle "EXT 2010"]
[Source "ChessBase"]
[SourceDate "2010.11.25"]
[SourceVersion "1"]
[SourceVersionDate "2010.11.25"]
[SourceQuality "1"]

1. d4 d5 2. c4 c6 3. Nf3 Nf6 4. Nc3 h6 5. e3 Bg4 6. Qb3 b6 7. Ne5 Bf5 8. cxd5 cxd5 9. Bb5+ Bd7 10. Nxd7 Nbxd7 11. Nxd5 Nxd5 12. Qxd5 Rc8 13. Bd2 e6 14. Bxd7+ Qxd7 15. Qxd7+ Kxd7 16. 0-0 Rc2 17. Bc3 Bd6 18. Rfd1 Rc8 19. Rac1 Rxc1 20. Rxc1 g6 21. e4 b5 22. Bd2 Rxc1+ 23. Bxc1 h5 24. h3 Kc6 25. Bd2 b4 26. g4 Kb5 27. b3 a5 28. Kf1 Kc6 29. Ke2 f5 30. gxh5 gxh5 31. f3 Bc7 32. Kd3 Kb5 33. Bg5 a4 34. Be7 axb3 35. axb3 Bg3 36. d5 fxe4+ 37. fxe4 exd5 38. exd5 Be5 39. Ke4 Bc3 40. Kf5 Bd2 41. Ke6 Be3 42. d6 Bb6 43. d7 Bc7 44. d8Q Bxd8 45. Bxd8 Kc6 46. Be7 Kb5 47. Kd5 1-0

[Event "Saarland-ch Seniors 23rd"]
[Site "Saarlouis"]
[Date "2004.04.10"]
[Round "9"]
[White "Pook, Rainer"]
[Black "Maas, Karl Heinz"]
[Result "1-0"]
[WhiteElo "1627"]
[BlackElo "1462"]
[PlyCount "49"]
[EventDate "2004.04.02"]
[EventType "swiss"]
[EventRounds "9"]
[EventCountry "GER"]
[SourceTitle "CBM 099 Extra"]
[Source "ChessBase"]
[SourceDate "2004.05.04"]
[SourceVersion "1"]
[SourceVersionDate "2004.05.04"]
[SourceQuality "1"]

1. d4 Nf6 2. Nc3 e6 3. e4 d5 4. e5 Nfd7 5. f4 Bb4 6. Nf3 0-0 7. Bd3 f6 8. 0-0 c5 9. Ng5 Qe7 10. Nb5 Nb6 11. c3 Ba5 12. Nd6 c4 13. Bc2 h6 14. Qh5 hxg5 15. fxg5 g6 16. Qxg6+ Qg7 17. Qh5 N6d7 18. g6 Bc7 19. Bh6 Qh8 20. g7 Qh7 21. gxf8Q+ Nxf8 22. Rf3 Bxd6 23. exd6 Nfd7 24. Rg3+ Kh8 25. Qe8+ 1-0